| 000 | 00921nam a2200265 i 4500 | ||
|---|---|---|---|
| 001 | 184443 | ||
| 003 | ES-MaACL | ||
| 005 | 20250912063056.0 | ||
| 008 | 150828s1980 mx f |||| | spa d | ||
| 020 | _a968-16-0516-0 | ||
| 080 | _a615.214:159.961.2 | ||
| 100 | 1 |
_aFurst, Peter T. _953056 |
|
| 245 | 1 | 4 |
_aLos alucinógenos y la cultura / _cPeter T. Furst ; [traducción de José Agustín]. |
| 250 | _a1ª ed. en español. | ||
| 260 |
_aMadrid : _bFondo de Cultura Económica de España, _c1980. |
||
| 300 |
_a341 p., 26 p. de lám. ; _c17 cm. |
||
| 490 | 1 |
_aColección popular (Fondo de Cultura Económica) ; _v190 _9241328 |
|
| 500 | _aÍndices. | ||
| 504 | _aBibliografía: p. 299-314. | ||
| 650 | 7 |
_aAlucinógenos y experiencia religiosa. _9156627 |
|
| 700 | 1 |
_aAgustín, José. _918915 |
|
| 852 |
_aES-MaACL _jL-30174 _z.- Donat. Miguel A. Velasco |
||
| 942 | _2udc | ||
| 999 |
_c184443 _d184443 |
||